Famous People Born in August Quiz Stats

 Plays Quiz Updated Apr 27, 2018

Challenge
Share
Tweet
Score 0/30 Timer 07:00
2 Plays Today
Person % Correct
Barack Obama
99.1%
Michael Jackson
95.9%
Bill Clinton
94%
Mother Teresa
89.2%
Halle Berry
88.4%
Steve Martin
83.3%
Cameron Diaz
83.1%
Robert De Niro
82.3%
Madonna
80.5%
Whitney Houston
80.2%
Sean Connery
79%
Richard Gere
77.6%
Napoleon Bonaparte
76.2%
Patrick Swayze
75.8%
Alfred Hitchcock
74.8%
Person % Correct
Dustin Hoffman
74.1%
Jennifer Lawrence
73.9%
Matthew Perry
73.7%
Mila Kunis
73%
Kobe Bryant
69.7%
Martha Stewart
69%
Antonio Banderas
65.9%
Charlize Theron
64.8%
Andy Warhol
60.3%
Amy Adams
59.1%
Lyndon B. Johnson
52.8%
Yasser Arafat
52.6%
Kenny Rogers
50.8%
River Phoenix
43.6%
Shania Twain
39.1%

You're not logged in!

Compare scores with friends on all Sporcle quizzes.
OR
Log In

You Might Also Like...

Show Comments

Extras

Top Quizzes Today


Score Distribution

Your Account Isn't Verified!

In order to create a playlist on Sporcle, you need to verify the email address you used during registration. Go to your Sporcle Settings to finish the process.

Report this User

Report this user for behavior that violates our Community Guidelines.

Details: